00485 2200193 4500245005400000020001800054250001100072100002000083700001800103700002200121650001700143005001900160260003100179041001400210084001300224300003400237336000900271338001100280 aRomance for My Lady Vol. 2cIshihara, KeikohText a9786022108450 aCet. 1 aIshihara, Keiko aSri Nurhayati aAndithy Crista S. aKomik Jepang a20230202095558 aJakartabPT Gramediac2013 aIndonesia a741.5592 a... jil. :bilus. ;c17,5 cm. atext avolume